Οι Ιουδαίοι του Βυζαντίου : πτυχιακή εργασία
Αποθηκεύτηκε σε:
| Κύριος συγγραφέας: | |
|---|---|
| Άλλοι συγγραφείς: | , , |
| Μορφή: | Thesis Βιβλίο |
| Γλώσσα: | Greek |
| Δημοσίευση: |
Ρόδος :
Πανεπιστήμιο Αιγαίου, Τμήμα Μεσογειακών Σπουδών,
2005.
|
| Θέματα: | |
| Ετικέτες: |
Προσθήκη ετικέτας
Δεν υπάρχουν, Καταχωρήστε ετικέτα πρώτοι!
|
MARC
| LEADER | 00000cam a2200000 i 4500 | ||
|---|---|---|---|
| 001 | 1/20705 | ||
| 008 | 051213s2005 gre d | ||
| 035 | |l 10081682 | ||
| 040 | |a GR-MY-UA |b gre |e aacr | ||
| 041 | 0 | |a gre | |
| 082 | 7 | |a 949.500492419 |2 (22) | |
| 100 | 1 | |a Κωνσταντάρου, Αθηνά. | |
| 245 | 1 | 3 | |a Οι Ιουδαίοι του Βυζαντίου : |b πτυχιακή εργασία / |c Κωνσταντάρου Αθηνά ; εισηγητής: Αλέξιος Γ. Κ. Σαββίδης ; συνεισηγητές: Σπύρος Συρόπουλος, Αλεξάνδρα Στεφανίδου. |
| 260 | |a Ρόδος : |b Πανεπιστήμιο Αιγαίου, Τμήμα Μεσογειακών Σπουδών, |c 2005. | ||
| 300 | |a 177 σ. : |b εικ., χαρτ. ; |c 30 εκ. | ||
| 502 | |a Πτυχιακή εργασία – Πανεπιστήμιο Αιγαίου, Ρόδος, 2005. | ||
| 504 | |a Περιέχει βιβλιογραφικές παραπομπές. | ||
| 610 | 2 | 0 | |a University of the Aegean |x Dissertations. |
| 650 | 0 | 0 | |a Dissertations, Academic. |
| 650 | 0 | 0 | |a Jews |z Byzantine Empire |x History. |
| 651 | 0 | |a Byzantine Empire |x Ethnic relations. | |
| 700 | 1 | |a Σαββίδης, Αλέξης Γ. Κ., |d 1955- |4 ths | |
| 700 | 1 | |a Συρόπουλος, Σπύρος Δ. |4 ths | |
| 700 | 1 | |a Στεφανίδου, Αλεξάνδρα. |4 ths | |
| 852 | |a INST |b RHODES |c DIATR |e 20051213 |h 949.500492419 ΚΩΝ |p 005400021889 |q 005400021889 |t DIE |y 23 | ||
| 852 | |a INST |b RHODES |c DIATR |e 20051213 |h 949.500492419 ΚΩΝ |p 005400021890 |q 005400021890 |t DIE |y 23 | ||
| 901 | |a BIBL4-2005-3 | ||
| 909 | |a Ρ |b 122692 | ||
| 909 | |a Ρ |b 122693 | ||
| 924 | |a ΚΩΝΣΤΑΝΤΑΡΟΥ |b ΑΘΗΝΑ |y Ρόδος |z 2005-11 | ||
| 970 | |a ΣΙΔΕΡΗ |b ΝΕΚΤΑΡΙΑ |z 2005/11/13 | ||